[Event "Elit(Farsta-Malmo)"]
[Site "?"]
[Date "2016.10.15"]
[Round "2"]
[White "Hjelm, Niclas"]
[Black "Nilsson, Anders"]
[Result "1-0"]
[WhiteElo "2355"]
[BlackElo "2204"]
[PlyCount "79"]

1. d4 e6 2. Nf3 Nf6 3. c4 Bb4+ 4. Nbd2 b6 5. e3 Bb7 6. Bd3 O-O 7. O-O c5 8. a3
Bxd2 9. Bxd2 d6 10. dxc5 bxc5 11. Qc2 Nbd7 12. Bc3 Qc7 13. Rfd1 Ne5 14. Bxe5
dxe5 15. Ng5 g6 16. Ne4 Bxe4 17. Bxe4 Rad8 18. h3 Rxd1+ 19. Rxd1 Rd8 20. Rxd8+
Qxd8 21. b4 Qd6 22. b5 Kf8 23. Bf3 e4 24. Bxe4 Qe5 25. Bf3 Qa1+ 26. Qd1 Qxa3
27. Qd6+ Kg7 28. Qe5 Qc1+ 29. Kh2 Qxc4 30. g4 h6 31. h4 Qf1 32. Kg3 Qb1 33. g5
hxg5 34. hxg5 Qf5 35. gxf6+ Kh6 36. Qxf5 gxf5 37. Kf4 c4 38. Bd1 Kg6 39. Ke5
Kg5 40. f4+ 1-0

[Event "Elit(Farsta-Malmo)"]
[Site "?"]
[Date "2016.10.15"]
[Round "2"]
[White "Agrest, Inna"]
[Black "Jaderberg, Bjorn"]
[Result "1-0"]
[WhiteElo "2222"]
[BlackElo "2165"]
[PlyCount "123"]

1. e4 e6 2. d4 d5 3. Nc3 dxe4 4. Nxe4 Nd7 5. Nf3 Ngf6 6. Bg5 h6 7. Nxf6+ Nxf6
8. Bxf6 Qxf6 9. Bb5+ c6 10. Bd3 Bd6 11. Qe2 Bd7 12. c3 Qe7 13. Ne5 O-O-O 14.
O-O h5 15. b4 h4 16. a4 Bxe5 17. dxe5 f6 18. a5 Kb8 19. a6 b6 20. Be4 f5 21.
Bf3 g5 22. Qc4 Rc8 23. Rad1 g4 24. Be2 Rc7 25. Rd6 Qg7 26. Qd4 Bc8 27. Rd1 Qg5
28. b5 c5 29. Qd2 f4 30. Bc4 g3 31. h3 gxf2+ 32. Qxf2 Qxe5 33. Qf3 Rg8 34. Rd8
Rxd8 35. Rxd8 Qe1+ 36. Bf1 e5 37. Re8 Qg3 38. Rxe5 Qxf3 39. gxf3 c4 40. Re4 Rc5
41. Bxc4 Bxh3 42. Rxf4 Bd7 43. Rxh4 Bxb5 44. Bxb5 Rxb5 45. Rh8+ Kc7 46. Rh7+
Kc6 47. Rxa7 Ra5 48. Kf2 Ra3 49. Ra8 Kc7 50. a7 Kb7 51. Rd8 Kxa7 52. Rd3 b5 53.
Ke3 Kb6 54. Kd4 Kc6 55. Ke4 Kc5 56. f4 Ra8 57. f5 Kc4 58. Rf3 Re8+ 59. Kf4 Kd5
60. Rd3+ Kc4 61. Re3 Rh8 62. Kg5 1-0

[Event "Elit(Farsta-Malmo)"]
[Site "?"]
[Date "2016.10.15"]
[Round "2"]
[White "Ong, Kezli"]
[Black "Malekian, Babak"]
[Result "1-0"]
[WhiteElo "2288"]
[BlackElo "2297"]
[PlyCount "95"]

1. e4 b6 2. d4 Bb7 3. Bd3 e6 4. Nf3 c5 5. O-O cxd4 6. Nxd4 Nc6 7. Be3 Nf6 8.
Nc3 Bb4 9. Nxc6 Bxc6 10. e5 Bxc3 11. bxc3 Nd5 12. Qg4 Kf8 13. Bd2 h5 14. Qd4
Kg8 15. c4 Ne7 16. Rae1 Nf5 17. Bxf5 exf5 18. h4 Qe7 19. Re3 Rh6 20. Rg3 Re6
21. Qf4 g6 22. Qh6 Qf8 23. Qxh5 Qg7 24. Qg5 Rc8 25. Bf4 b5 26. Ra3 Qf8 27. Rxa7
Qc5 28. Ra6 Qxc4 29. Ra3 Qxc2 30. Rg3 Qc5 31. h5 Qe7 32. Qxf5 Kh7 33. hxg6+
fxg6 34. Qh3+ Kg8 35. Rg4 Qg7 36. Re1 Ra8 37. Bh6 Qe7 38. Bg5 Qa3 39. Qh6 Qf8
40. Qh2 Rae8 41. Qh4 d6 42. Rf4 Qg7 43. Bf6 Qh7 44. Qg3 Qh5 45. Rh4 Qf5 46.
Rh8+ Kf7 47. Rh7+ Kf8 48. Qh4 1-0

[Event "Elit(Limhamn-Rockaden,Sthlm)"]
[Site "?"]
[Date "2016.10.16"]
[Round "3"]
[White "Hammer, Jon Ludvig"]
[Black "Jepson, Christian"]
[Result "1-0"]
[WhiteElo "2651"]
[BlackElo "2430"]
[PlyCount "121"]

1. c4 e6 2. d4 d5 3. Nf3 Nf6 4. Nc3 Be7 5. Bf4 O-O 6. e3 Nbd7 7. c5 c6 8. h3 b6
9. b4 a5 10. a3 Bb7 11. Bd3 Qc8 12. O-O Ba6 13. Qc2 Qb7 14. Rfc1 Bxd3 15. Qxd3
Rfc8 16. Rab1 axb4 17. axb4 Ra3 18. Qc2 Bd8 19. Ra1 Raa8 20. g3 h6 21. Kg2 Bc7
22. Rcb1 b5 23. Qd1 g5 24. Bxc7 Qxc7 25. Rxa8 Rxa8 26. Ra1 Rxa1 27. Qxa1 Ne4
28. Qa8+ Kg7 29. Ne2 h5 30. Nc1 g4 31. hxg4 hxg4 32. Nh2 Nef6 33. Nd3 e5 34.
Qa1 e4 35. Ne5 Qc8 36. Nexg4 Nh7 37. Qa7 Ng5 38. Kf1 f6 39. Ke2 Kg6 40. Kd2 Kg7
41. Kc3 Kg6 42. Kb2 Kf5 43. Qa1 Ke6 44. Qa7 Kf5 45. Kb3 Ke6 46. Nh6 Nh3 47. f4
exf3 48. Nxf3 Qh8 49. Qc7 Qxh6 50. Qd6+ Kf5 51. Nh4+ Ke4 52. Qe6+ Kd3 53. Qf5+
Ke2 54. Qf3+ Kd2 55. Qg2+ Kd1 56. Qf1+ Kd2 57. Nf3+ Kxe3 58. Qc1+ Kxf3 59. Qxh6
Ng5 60. Qg7 Ne6 61. Qxd7 1-0

[Event "Elit(Limhamn-Rockaden,Sthlm)"]
[Site "?"]
[Date "2016.10.16"]
[Round "3"]
[White "Hector, Jonny"]
[Black "Barkhagen, Jonas"]
[Result "0-1"]
[WhiteElo "2516"]
[BlackElo "2435"]
[PlyCount "76"]

1. e4 e6 2. d4 d5 3. Nc3 dxe4 4. Nxe4 Bd7 5. Nf3 Bc6 6. Bd3 Nd7 7. O-O Ngf6 8.
Ng3 Be7 9. b3 O-O 10. Bb2 Bxf3 11. Qxf3 c6 12. c4 Qa5 13. a3 Rfe8 14. Rfe1 Rad8
15. Rac1 Nf8 16. b4 Qb6 17. d5 cxd5 18. c5 Qc7 19. Bb5 N8d7 20. c6 bxc6 21.
Bxc6 Qd6 22. Qe3 Rc8 23. b5 Rc7 24. a4 g6 25. Bd4 Rec8 26. Bxa7 Ng4 27. Qe2
Nge5 28. Bxd7 Nxd7 29. Rxc7 Rxc7 30. Qe3 Qb4 31. b6 Rb7 32. Rc1 Nxb6 33. Bxb6
Qxb6 34. Qe1 Bf6 35. h4 h5 36. Rc8+ Kg7 37. Qe2 Qb1+ 38. Kh2 Rb4 0-1

[Event "Elit(Limhamn-Rockaden,Sthlm)"]
[Site "?"]
[Date "2016.10.16"]
[Round "3"]
[White "Blomqvist, Erik"]
[Black "Lindgren, Philip"]
[Result "1-0"]
[WhiteElo "2545"]
[BlackElo "2420"]
[PlyCount "71"]

1. Nf3 d5 2. d4 Nf6 3. Bf4 e6 4. e3 c5 5. c3 Nc6 6. Nbd2 Bd6 7. Bg3 O-O 8. Bb5
a6 9. Bxc6 bxc6 10. Qa4 Bxg3 11. hxg3 Qb6 12. Qc2 Rb8 13. Rb1 cxd4 14. cxd4 a5
15. Ne5 g6 16. O-O Ba6 17. Rfc1 Rfc8 18. Nb3 Rc7 19. Nc5 Bb5 20. g4 Qa7 21. g5
Ne8 22. b3 Nd6 23. f3 Rd8 24. Kf2 Nb7 25. Nxb7 Qxb7 26. Qc5 Ra8 27. Qd6 Rac8
28. Rh1 c5 29. Ng4 h5 30. gxh6 cxd4 31. h7+ Kh8 32. Qe5+ f6 33. Qxf6+ Rg7 34.
Ne5 dxe3+ 35. Kg3 Qb8 36. f4 1-0

[Event "Elit(Limhamn-Rockaden,Sthlm)"]
[Site "?"]
[Date "2016.10.16"]
[Round "3"]
[White "Brynell, Stellan"]
[Black "Hedman, Erik"]
[Result "1-0"]
[WhiteElo "2444"]
[BlackElo "2365"]
[PlyCount "67"]

1. e4 d6 2. d4 Nf6 3. Nc3 c6 4. f4 Qa5 5. e5 Ne4 6. Qf3 d5 7. Bd3 Nxc3 8. Bd2
e6 9. Bxc3 Qb6 10. Qg3 g6 11. Nf3 c5 12. O-O Nc6 13. dxc5 Bxc5+ 14. Kh1 Bd7 15.
a3 a5 16. b4 axb4 17. axb4 Rxa1 18. Rxa1 Bxb4 19. Bxb4 Qxb4 20. Ra8+ Nd8 21.
Qg5 Qe7 22. Qf6 Rg8 23. h4 Bc6 24. Nd4 Rf8 25. Nb5 Kd7 26. Nd4 Re8 27. Nf3 Qb4
28. Kh2 d4 29. Ng5 Qe1 30. Nxf7 Nxf7 31. Qxf7+ Re7 32. Qf8 Qxh4+ 33. Kg1 Qf2+
34. Kxf2 1-0

[Event "Elit(Limhamn-Rockaden,Sthlm)"]
[Site "?"]
[Date "2016.10.16"]
[Round "3"]
[White "Wiedenkeller, Michael"]
[Black "Johansson, Linus"]
[Result "0-1"]
[WhiteElo "2458"]
[BlackElo "2399"]
[PlyCount "78"]

1. d4 Nf6 2. c4 e6 3. Nc3 d5 4. Bg5 Nbd7 5. e3 c6 6. Nf3 Qa5 7. Nd2 dxc4 8.
Bxf6 Nxf6 9. Nxc4 Qc7 10. g3 Be7 11. Bg2 O-O 12. O-O Rd8 13. Qb3 Bd7 14. e4 b5
15. Ne3 Be8 16. e5 Nd7 17. Rac1 Qb6 18. Rfd1 Rac8 19. Bh3 Bf8 20. Qc2 c5 21. d5
c4 22. dxe6 fxe6 23. Qe4 Bc5 24. Re1 Nf8 25. Qg4 Rd2 26. Ncd5 Qd8 27. Nf6+ Kh8
28. Nxe8 Qxe8 29. b3 Rxa2 30. bxc4 b4 31. Bg2 a5 32. Ra1 Rxa1 33. Rxa1 a4 34.
Bb7 Rd8 35. Qe4 a3 36. Qc2 Rb8 37. Qe4 b3 38. Bc6 b2 39. Rd1 Qg6 0-1

[Event "Elit(Limhamn-Rockaden,Sthlm)"]
[Site "?"]
[Date "2016.10.16"]
[Round "3"]
[White "Schneider, Stefan"]
[Black "Kenneskog, Theodor"]
[Result "1-0"]
[WhiteElo "2346"]
[BlackElo "2331"]
[PlyCount "105"]

1. d4 Nf6 2. Nf3 g6 3. c4 Bg7 4. e3 c5 5. d5 e6 6. Nc3 exd5 7. cxd5 d6 8. Be2
O-O 9. O-O Re8 10. h3 Na6 11. Re1 Nc7 12. Bf1 Ne4 13. Nxe4 Rxe4 14. Bd3 Rb4 15.
e4 Bd7 16. a3 Ba4 17. Qe2 Rb6 18. Rb1 Nb5 19. Bd2 Qd7 20. Ba5 Ra6 21. Qd2 b6
22. Bc3 Bxc3 23. bxc3 Ra5 24. Ra1 Bb3 25. Qb2 c4 26. Bf1 a6 27. Nd2 Qc7 28.
Nxb3 cxb3 29. c4 Na7 30. Qxb3 Re8 31. Qb2 Rc5 32. a4 Ra5 33. Re3 Nc8 34. Bd3
Qc5 35. h4 Re5 36. Ree1 Ne7 37. Kh2 Rh5 38. Qf6 g5 39. Kg1 Ng6 40. hxg5 Rh4 41.
Qd8+ Kg7 42. Qf6+ Kg8 43. g3 Rg4 44. Re3 Ne5 45. Be2 Qc8 46. Qxd6 Rxg5 47. Qxb6
Rc5 48. Qf6 h6 49. Qxh6 Rg6 50. Qh5 Qc7 51. Kg2 Qd6 52. Rh1 Kf8 53. Qh8+ 1-0

[Event "Elit(Limhamn-Rockaden,Sthlm)"]
[Site "?"]
[Date "2016.10.16"]
[Round "3"]
[White "Engqvist, Thomas"]
[Black "Tadjerbashi, Amir"]
[Result "1-0"]
[WhiteElo "2341"]
[BlackElo "2215"]
[PlyCount "133"]

1. c4 Nf6 2. Nc3 c6 3. e4 e5 4. Nf3 d6 5. d4 Nbd7 6. g3 Be7 7. Bg2 O-O 8. O-O
a6 9. Qc2 exd4 10. Nxd4 Ne5 11. Nce2 d5 12. cxd5 cxd5 13. exd5 Bg4 14. h3 Rc8
15. Qb3 Bxe2 16. Nxe2 Qd7 17. Bf4 Bd6 18. Rac1 h6 19. Nd4 Rxc1 20. Rxc1 Rc8 21.
Rc3 Rc7 22. Qc2 Rxc3 23. Qxc3 Ne8 24. Ne6 Ng6 25. Bxd6 fxe6 26. Bc5 exd5 27.
Qd3 Ne7 28. Bxe7 Qxe7 29. Qxd5+ Kf8 30. Qxb7 Qe1+ 31. Bf1 a5 32. Kg2 Qe5 33. a3
Nd6 34. Qf3+ Ke7 35. b4 axb4 36. axb4 Kd7 37. h4 Kc7 38. h5 Kd7 39. Be2 Kc7 40.
Qg4 Qd5+ 41. Kh2 Qe5 42. Qf3 Qb2 43. b5 Nxb5 44. Qf7+ Kb6 45. Bxb5 Qxb5 46.
Qg6+ Ka5 47. Qxg7 Qxh5+ 48. Kg2 Qd5+ 49. f3 Qd2+ 50. Kh3 Qd5 51. Qc3+ Kb6 52.
Qf6+ Kc5 53. Kh4 Qd2 54. Qf8+ Kc6 55. Qc8+ Kb6 56. Qe6+ Kc7 57. Qe5+ Kd7 58.
Kh5 Qh2+ 59. Kg6 Qh1 60. Qf5+ Ke7 61. g4 Qc1 62. Qf6+ Ke8 63. f4 Qh1 64. Qe6+
Kd8 65. f5 Qh3 66. f6 Qh4 67. Qf5 1-0

[Event "Elit(Limhamn-Rockaden,Sthlm)"]
[Site "?"]
[Date "2016.10.16"]
[Round "3"]
[White "Penalver, Osmani"]
[Black "Berovski, Krum"]
[Result "1/2-1/2"]
[WhiteElo "2230"]
[BlackElo "2329"]
[PlyCount "100"]

1. d4 Nf6 2. c4 e6 3. g3 Bb4+ 4. Bd2 a5 5. Bg2 d5 6. Nf3 c6 7. O-O Nbd7 8. a3
Be7 9. b3 b6 10. Bc3 O-O 11. Nbd2 Bb7 12. Bb2 c5 13. e3 cxd4 14. exd4 a4 15. b4
dxc4 16. Nxc4 Ba6 17. Nfd2 Rc8 18. Rc1 Bb5 19. Re1 Nd5 20. Ne5 Rxc1 21. Qxc1
N7f6 22. Qc2 Bd6 23. Rc1 Qc7 24. Ne4 Qxc2 25. Rxc2 Nxe4 26. Bxe4 Ne7 27. Nc4
Bxc4 28. Rxc4 b5 29. Rc2 f5 30. Bd3 Rb8 31. Bc1 Rb7 32. Kg2 Kf7 33. Kf3 Nd5 34.
Rc6 Ke7 35. Bf4 Bxf4 36. gxf4 g6 37. Rc5 Nc7 38. Kg3 Kd6 39. Be2 Rb6 40. Kh4 h6
41. Bf3 Ra6 42. Kg3 Rb6 43. h4 h5 44. Kg2 Rb8 45. Rc6+ Kd7 46. Kf1 Ne8 47. Rc5
Rb6 48. Be2 Nc7 49. Bf3 Ne8 50. Be2 Nc7 1/2-1/2

[Event "Elit(Eksjo-Farsta)"]
[Site "?"]
[Date "2016.10.16"]
[Round "3"]
[White "Urkedal, Frode"]
[Black "Rasmussen, Allan Stig"]
[Result "1-0"]
[WhiteElo "2547"]
[BlackElo "2522"]
[PlyCount "53"]

1. d4 d5 2. c4 dxc4 3. e4 Nf6 4. e5 Nd5 5. Bxc4 Nb6 6. Bd3 Nc6 7. Ne2 Bg4 8.
Be3 Qd7 9. Nbc3 O-O-O 10. a4 Nxe5 11. Bb5 c6 12. dxe5 Qxd1+ 13. Nxd1 cxb5 14.
axb5 Kb8 15. e6 Bxe6 16. Bf4+ Kc8 17. Rc1+ Kd7 18. Rc7+ Ke8 19. Rxb7 Rd7 20.
Rb8+ Rd8 21. Ndc3 Bc4 22. O-O Rxb8 23. Bxb8 a6 24. Ba7 Nd7 25. b6 e5 26. Rc1
Be7 27. b7 1-0

[Event "Elit(Eksjo-Farsta)"]
[Site "?"]
[Date "2016.10.16"]
[Round "3"]
[White "Carlsson, Pontus"]
[Black "Hjelm, Niclas"]
[Result "1/2-1/2"]
[WhiteElo "2436"]
[BlackElo "2355"]
[PlyCount "35"]

1. e4 e5 2. Nf3 Nc6 3. Bb5 Nf6 4. O-O Nxe4 5. d4 Nd6 6. Bxc6 dxc6 7. dxe5 Nf5
8. Qxd8+ Kxd8 9. Nc3 Ne7 10. h3 Ng6 11. Bg5+ Ke8 12. Rad1 Be6 13. Nd4 Bc4 14.
Rfe1 Bb4 15. Bd2 Rd8 16. Nf5 Rg8 17. a3 Bxc3 18. Bxc3 1/2-1/2

[Event "Elit(Eksjo-Farsta)"]
[Site "?"]
[Date "2016.10.16"]
[Round "3"]
[White "Sammalvuo, Tapani"]
[Black "Grandelius, Nils"]
[Result "0-1"]
[WhiteElo "2417"]
[BlackElo "2641"]
[PlyCount "118"]

1. Nf3 d5 2. d4 Nf6 3. c4 e6 4. g3 Bb4+ 5. Bd2 Bd6 6. Nc3 O-O 7. Bg5 Be7 8. Bg2
Nbd7 9. Qb3 c6 10. O-O h6 11. Bxf6 Nxf6 12. Ne5 Qb6 13. c5 Qc7 14. Rac1 Nd7 15.
Nxd7 Bxd7 16. e4 Rad8 17. Rfe1 Bc8 18. Qa4 dxe4 19. Nxe4 b5 20. Qb4 Rd7 21. a4
a5 22. Qc3 b4 23. Qc4 Rfd8 24. Red1 Qa7 25. Nd6 Ba6 26. Qc2 Bxd6 27. cxd6 Rxd6
28. Qc5 Qxc5 29. Rxc5 Rxd4 30. Rxd4 Rxd4 31. Bxc6 Rc4 32. Rxc4 Bxc4 33. Bb5 Bd5
34. f4 Kf8 35. Kf2 Ke7 36. Ke3 Kd6 37. Be8 f6 38. Bg6 Kc5 39. Bd3 Bb3 40. Bb5
Bc4 41. Be8 Bd5 42. Bh5 Kc4 43. Bd1 Bc6 44. h4 Bd7 45. Ke4 b3 46. Be2+ Kc5 47.
Kd3 Bxa4 48. Kc3 Bb5 49. Bg4 Bc4 50. Bh5 Bd5 51. Be8 Kd6 52. Kd4 e5+ 53. fxe5+
fxe5+ 54. Kc3 Ke6 55. Bg6 Kf6 56. Bb1 g5 57. Bh7 gxh4 58. gxh4 e4 59. Kd4 a4
0-1

[Event "Elit(Eksjo-Farsta)"]
[Site "?"]
[Date "2016.10.16"]
[Round "3"]
[White "Gdanski, Jacek"]
[Black "Ong, Kezli"]
[Result "1-0"]
[WhiteElo "2485"]
[BlackElo "2288"]
[PlyCount "113"]

1. Nf3 Nf6 2. c4 e6 3. g3 d5 4. Bg2 Be7 5. O-O O-O 6. b3 c5 7. cxd5 Nxd5 8. Bb2
Nc6 9. Nc3 Nxc3 10. Bxc3 Rb8 11. Qc2 Nd4 12. Bxd4 cxd4 13. Qe4 d3 14. e3 b6 15.
Rac1 Ba3 16. Rc4 Bb7 17. Qg4 Rc8 18. Rd4 Qf6 19. Ne1 Bxg2 20. Kxg2 Rfd8 21.
Rxd3 Qb2 22. Rxd8+ Rxd8 23. Nf3 Qxa2 24. Qa4 Qb2 25. d4 Bd6 26. Qxa7 Qxb3 27.
Rc1 Qb5 28. Qb7 Bf8 29. Rc6 g6 30. Rxb6 Qd5 31. Qxd5 Rxd5 32. Ne5 Bd6 33. Nc4
Be7 34. Rb7 Bf6 35. f4 h5 36. Kf3 Rd8 37. h3 Rd5 38. Rc7 Kg7 39. Rb7 Kg8 40.
Ke4 Rd8 41. g4 hxg4 42. hxg4 Bg7 43. g5 Rd5 44. Ra7 Rd8 45. Nb6 Rd6 46. Nd7 Rd5
47. Rc7 Bh8 48. Nc5 Rd6 49. Rd7 Rb6 50. Nb7 f6 51. Rd8+ Kh7 52. Nc5 fxg5 53.
fxg5 e5 54. Nd7 Rb3 55. Nf6+ Bxf6 56. gxf6 exd4 57. f7 1-0

[Event "Elit(Eksjo-Farsta)"]
[Site "?"]
[Date "2016.10.16"]
[Round "3"]
[White "Ernst, Thomas"]
[Black "Bejtovic, Jasmin"]
[Result "1/2-1/2"]
[WhiteElo "2372"]
[BlackElo "2370"]
[PlyCount "92"]

1. e4 c5 2. Nf3 Nc6 3. d4 cxd4 4. Nxd4 g6 5. c4 Nf6 6. Nc3 d6 7. Be2 Nxd4 8.
Qxd4 Bg7 9. Bg5 O-O 10. Qd2 Be6 11. O-O Rc8 12. b3 b5 13. e5 b4 14. exf6 exf6
15. Be3 bxc3 16. Qxc3 f5 17. Bd4 Bxd4 18. Qxd4 Qa5 19. Bf3 Rfd8 20. Rfd1 Qa3
21. Qf6 a5 22. h4 h5 23. Re1 Kh7 24. Re3 Qc5 25. Rae1 Rg8 26. Rd1 Qa3 27. Qe7
Rge8 28. Qxd6 Qxa2 29. Qd2 Qxd2 30. Rxd2 a4 31. bxa4 Rxc4 32. a5 Ra4 33. Re5
Rb8 34. Rd1 Rb2 35. Be2 Raa2 36. Re1 f4 37. f3 Kg7 38. Bf1 Bc4 39. Bxc4 Rxg2+
40. Kh1 Rh2+ 41. Kg1 Rag2+ 42. Kf1 Rf2+ 43. Kg1 Rhg2+ 44. Kh1 Rh2+ 45. Kg1
Rhg2+ 46. Kh1 Rh2+ 1/2-1/2

[Event "Elit(Eksjo-Farsta)"]
[Site "?"]
[Date "2016.10.16"]
[Round "3"]
[White "Malesevic, Nedeljko"]
[Black "Jaderberg, Bjorn"]
[Result "1/2-1/2"]
[WhiteElo "2253"]
[BlackElo "2165"]
[PlyCount "172"]

1. d4 e6 2. c4 f5 3. g3 Nf6 4. Bg2 d5 5. Nf3 c6 6. O-O Bd6 7. Nc3 O-O 8. Bf4
Bxf4 9. gxf4 Ne4 10. e3 Nd7 11. cxd5 exd5 12. Qe2 Nxc3 13. bxc3 b6 14. Rfc1 a5
15. Qc2 Ba6 16. Nd2 b5 17. Nf3 Qf6 18. Ne5 Nxe5 19. fxe5 Qh4 20. f4 Kh8 21. Qf2
Qxf2+ 22. Kxf2 a4 23. Rab1 Rae8 24. Bf3 Re6 25. h4 Rd8 26. Be2 Bc8 27. Rg1 Re7
28. Bd3 Be6 29. Rg5 Rf7 30. Ke2 Ra8 31. Kd2 Kg8 32. Kc2 a3 33. Rbg1 Kf8 34. h5
Raa7 35. Kb3 Ra4 36. R1g2 Bd7 37. Kc2 Be6 38. Rh2 Kg8 39. Kc1 Raa7 40. Bc2 Kf8
41. Kd2 Rab7 42. Bd3 Ra7 43. Kc2 Ra4 44. h6 g6 45. Rxg6 hxg6 46. h7 Rxh7 47.
Rxh7 Bf7 48. Rh8+ Bg8 49. Kd2 Kg7 50. Rh1 Be6 51. Bc2 Ra8 52. Ke2 Rb8 53. Kf3
Ra8 54. Kg3 Bd7 55. Rb1 Kf7 56. Bd1 Rh8 57. Rb3 Ra8 58. Bf3 Be6 59. Rb1 Kg7 60.
Rh1 Ra4 61. Kh4 Rc4 62. Rc1 b4 63. Rb1 bxc3 64. Kg3 c2 65. Rc1 c5 66. Be2 Rc3
67. Kf2 Bd7 68. dxc5 Ba4 69. Ke1 Rxc5 70. Kd2 Rc8 71. Bf3 Rb8 72. Kc3 Rb1 73.
Kd2 Rb8 74. Kc3 Rb1 75. Kd2 Bb3 76. Be2 Rxc1 77. Kxc1 Bxa2 78. Kxc2 Bc4 79. Bd1
Kf7 80. Kc3 a2 81. Kb2 Ke6 82. Bc2 d4 83. exd4 Kd5 84. Ba4 g5 85. fxg5 Kxd4 86.
Bd7 Kxe5 1/2-1/2

[Event "Elit(Eksjo-Farsta)"]
[Site "?"]
[Date "2016.10.16"]
[Round "3"]
[White "Livner, Anders"]
[Black "Vernersson, Per"]
[Result "1-0"]
[WhiteElo "2345"]
[BlackElo "2290"]
[PlyCount "161"]

1. c4 e6 2. Nc3 d5 3. d4 Nf6 4. cxd5 exd5 5. Bg5 c6 6. e3 Be7 7. Qc2 Nbd7 8.
Bd3 O-O 9. Nf3 Re8 10. O-O Nf8 11. h3 Ne4 12. Bf4 f5 13. Ne5 Ng6 14. Nxg6 hxg6
15. f3 Nxc3 16. bxc3 Bg5 17. Rae1 Bd7 18. Be5 Bf6 19. Bxf6 gxf6 20. e4 fxe4 21.
fxe4 dxe4 22. Rxe4 Rxe4 23. Bxe4 f5 24. Qb3+ Kg7 25. Bf3 Qb6 26. Qa3 Re8 27.
Qd6 Bc8 28. Qg3 Qa5 29. Bh5 Re6 30. Bd1 Re7 31. Bb3 Qc7 32. Qg5 Qd6 33. h4 Re4
34. Bd1 Qe7 35. Qxe7+ Rxe7 36. Kf2 Kf6 37. Bf3 Be6 38. Rb1 Bc4 39. Rb4 Bxa2 40.
Ra4 Bb3 41. Rxa7 Bc4 42. Ra8 Bd3 43. Rf8+ Kg7 44. Rb8 Kf6 45. Rf8+ Kg7 46. Rb8
Kf6 47. Kg3 g5 48. hxg5+ Kxg5 49. Rg8+ Kf6 50. Kf4 Kf7 51. Rd8 Kf6 52. Rd6+ Re6
53. Rd7 Ba6 54. d5 cxd5 55. Rxd5 Kg6 56. Rxf5 Re7 57. Be4 Kg7 58. Rh5 Kg8 59.
Bd5+ Kg7 60. Rg5+ Kf6 61. Rf5+ Kg7 62. Rg5+ Kf6 63. Rf5+ Kg7 64. Re5 Rc7 65.
Re3 Bc4 66. Be4 Kf6 67. Rh3 Bf7 68. g4 Rc4 69. Rh6+ Ke7 70. Rh7 Kf8 71. Kf5
Be6+ 72. Kxe6 Rxe4+ 73. Kd5 Rxg4 74. Rxb7 Ke8 75. Kd6 Rc4 76. Rc7 Rg4 77. Rc8+
Kf7 78. c4 Rd4+ 79. Kc5 Rd1 80. Kc6 Ke7 81. c5 1-0

[Event "Elit(Eksjo-Farsta)"]
[Site "?"]
[Date "2016.10.16"]
[Round "3"]
[White "Thornert, Hakan"]
[Black "Lundin, Jan"]
[Result "1/2-1/2"]
[WhiteElo "2242"]
[BlackElo "2264"]
[PlyCount "82"]

1. e4 c6 2. d4 d5 3. e5 Bf5 4. Nc3 e6 5. g4 Bg6 6. Nge2 Bb4 7. Ng3 f6 8. Be3
Nd7 9. f4 fxe5 10. dxe5 Ne7 11. Bh3 Qa5 12. Bd2 Qb6 13. f5 O-O 14. Rf1 exf5 15.
gxf5 Nxf5 16. Bxf5 Rxf5 17. Nxf5 Re8 18. Ne2 Rxe5 19. Bxb4 Qxb4+ 20. Qd2 Qxb2
21. Qd4 Rxe2+ 22. Kxe2 Qxc2+ 23. Qd2 Bxf5 24. Qxc2 Bxc2 25. Kd2 Be4 26. a4 b6
27. Ke3 Ne5 28. Rac1 c5 29. a5 Nc6 30. axb6 axb6 31. Ra1 Na5 32. Rf4 g6 33.
Rxe4 dxe4 34. Kxe4 c4 35. Kd5 Kg7 36. Rb1 Nb3 37. Kc6 Nd4+ 38. Kxb6 c3 39. Rc1
c2 40. Kc7 Kf6 41. Kd6 Kf5 1/2-1/2

[Event "Elit(Rockaden,Umea-Manhem)"]
[Site "?"]
[Date "2016.10.16"]
[Round "3"]
[White "Akesson, Joel"]
[Black "Petrov, Marijan"]
[Result "1/2-1/2"]
[WhiteElo "2294"]
[BlackElo "2469"]
[PlyCount "27"]

1. c4 g6 2. g3 Bg7 3. Bg2 e5 4. Nc3 d6 5. e4 h5 6. h4 Nc6 7. Nge2 Be6 8. Nd5
Qd7 9. d3 Nce7 10. d4 c6 11. Nxe7 Qxe7 12. d5 cxd5 13. cxd5 Bg4 14. Qa4+
1/2-1/2

[Event "Elit(Rockaden,Umea-Manhem)"]
[Site "?"]
[Date "2016.10.16"]
[Round "3"]
[White "Wickstrom, Lucas"]
[Black "Welin, Mats"]
[Result "0-1"]
[WhiteElo "2374"]
[BlackElo "2332"]
[PlyCount "116"]

1. d4 Nf6 2. c4 e6 3. Nf3 d5 4. Nc3 Bb4 5. Qa4+ Nc6 6. Bg5 h6 7. Bxf6 Qxf6 8.
e3 O-O 9. Rc1 Qg6 10. Qc2 Qxc2 11. Rxc2 Rd8 12. a3 Bf8 13. b4 dxc4 14. Bxc4 Ne7
15. O-O Nd5 16. Nxd5 exd5 17. Bd3 c6 18. Rb1 a5 19. b5 cxb5 20. Rxb5 a4 21. Rc3
Be6 22. Rb2 Rdc8 23. Rbc2 Rxc3 24. Rxc3 Bd6 25. Ne1 Kf8 26. Nc2 Ke7 27. f4 Kd8
28. Kf2 Bd7 29. Ke2 Ra5 30. Kd1 Bb5 31. Ne1 Bxd3 32. Nxd3 Rb5 33. Kc2 Kd7 34.
g3 Ra5 35. Kb2 b6 36. Nb4 Rb5 37. h3 f5 38. Ka2 Bxb4 39. axb4 Rxb4 40. Ka3 Rc4
41. Rxc4 dxc4 42. Kxa4 Kd6 43. Kb4 Kd5 44. Kc3 b5 45. Kb4 Ke4 46. Kc3 g6 47. h4
Kd5 48. Kb4 Kc6 49. Kc3 Kc7 50. Kb4 h5 51. Kc3 Kc6 52. Kb4 Kb6 53. Kc3 Ka5 54.
Kd2 b4 55. Kc2 Ka4 56. Kb2 c3+ 57. Kc2 Ka3 58. d5 b3+ 0-1

[Event "Elit(Rockaden,Umea-Manhem)"]
[Site "?"]
[Date "2016.10.16"]
[Round "3"]
[White "Fendrich, David"]
[Black "Larsson, Johan"]
[Result "1-0"]
[WhiteElo "2257"]
[BlackElo "2176"]
[PlyCount "67"]

1. Nf3 d5 2. g3 Bg4 3. Bg2 Nd7 4. c4 c6 5. cxd5 cxd5 6. Qa4 Bxf3 7. Bxf3 Ngf6
8. Nc3 e6 9. d4 a6 10. e4 b5 11. Qb3 dxe4 12. Nxe4 Nd5 13. Bg5 Qa5+ 14. Nc3
N7b6 15. O-O b4 16. Nxd5 Nxd5 17. Rfe1 Kd7 18. Re5 Bd6 19. Bxd5 Bxe5 20. Bxa8
Bd6 21. Qf3 Qxg5 22. Qxf7+ Be7 23. Qf3 Qb5 24. d5 exd5 25. Rd1 Kc7 26. Rxd5 Qb6
27. Qf7 Qf6 28. Rc5+ Kb8 29. Qd5 Qb6 30. Rc6 Qb5 31. Qe4 Bf6 32. Qe6 Kxa8 33.
Rb6 Qc5 34. Qe4+ 1-0

[Event "Elit(Rockaden,Umea-Manhem)"]
[Site "?"]
[Date "2016.10.16"]
[Round "3"]
[White "Malmstig, Erik"]
[Black "Moberg, Karl Johan"]
[Result "1-0"]
[WhiteElo "2295"]
[BlackElo "2285"]
[PlyCount "105"]

1. d4 Nf6 2. Bg5 e6 3. e4 h6 4. Bxf6 Qxf6 5. Qd2 d6 6. Nc3 c6 7. O-O-O Nd7 8.
f4 e5 9. Nge2 Be7 10. g4 exf4 11. Nxf4 Qxf4 12. Qxf4 Bg5 13. Qxg5 hxg5 14. Be2
Nf6 15. h3 Be6 16. d5 cxd5 17. exd5 Bd7 18. Bd3 O-O-O 19. Rdf1 Rh4 20. Ne4 Nxe4
21. Bxe4 f6 22. Re1 Re8 23. Kd2 Rhh8 24. Bg2 b5 25. Kc3 Kc7 26. Kd4 Re5 27. Re4
Kb6 28. c4 bxc4 29. Kxc4 Rc8+ 30. Kb3 Rxe4 31. Bxe4 Re8 32. Bd3 Re3 33. Kc2 Rg3
34. Kd2 Kc5 35. Rc1+ Kd4 36. Rc4+ Kxd5 37. Rc7 Rg2+ 38. Kc3 Ba4 39. Rc4 Rg3 40.
Rxa4 Rxh3 41. Rxa7 Rg3 42. a4 Rxg4 43. a5 Ra4 44. a6 g4 45. Rxg7 f5 46. b3 Ra1
47. Kb2 Ra5 48. b4 Ra4 49. Kb3 Ra1 50. b5 Kc5 51. Rc7+ Kd4 52. Bxf5 g3 53. Rg7
1-0

[Event "Elit(Rockaden,Umea-Manhem)"]
[Site "?"]
[Date "2016.10.16"]
[Round "3"]
[White "Storme, Isak"]
[Black "Mardell, Jimmy"]
[Result "0-1"]
[WhiteElo "2154"]
[BlackElo "2146"]
[PlyCount "140"]

1. e4 e6 2. d4 d5 3. Nc3 Nf6 4. e5 Nfd7 5. f4 c5 6. Nf3 Nc6 7. Be3 cxd4 8. Nxd4
Bc5 9. Qd2 O-O 10. O-O-O a6 11. h4 Nxd4 12. Bxd4 b5 13. Rh3 b4 14. Na4 Bxd4 15.
Qxd4 a5 16. Bb5 Rb8 17. Bd3 Qc7 18. h5 f6 19. Bxh7+ Kxh7 20. Qd3+ f5 21. Qg3
Rf7 22. Qg6+ Kg8 23. Qxe6 Nf6 24. Qd6 Qxd6 25. exd6 Rd7 26. h6 Rxd6 27. Rdh1 g6
28. Nc5 Ba6 29. Nb3 Ne4 30. h7+ Kh8 31. Rh6 d4 32. g4 Nf2 33. gxf5 Nxh1 34.
fxg6 Kg7 35. Rxh1 Rxg6 36. Nxd4 Kh8 37. f5 Rg7 38. Nc6 Rf8 39. Nxa5 Rxf5 40.
Nc6 Bb7 41. Rh6 Bxc6 42. Rxc6 Ra7 43. Rc4 Rxa2 44. Rxb4 Kxh7 45. Rb6 Kg7 46.
Kb1 Ra7 47. b3 Kf7 48. Kb2 Rf2 49. Rc6 Ke7 50. Rc4 Kd6 51. Rd4+ Ke5 52. Rc4 Ra6
53. b4 Kd5 54. Rc5+ Kd6 55. Rh5 Rc6 56. Kb3 Rcxc2 57. Rh6+ Kc7 58. Rh7+ Kb6 59.
Rh6+ Rc6 60. Rh5 Rcf6 61. Ka4 Rb2 62. Re5 Ra2+ 63. Kb3 Ra1 64. Re3 Rf4 65. Re6+
Kb5 66. Re5+ Kc6 67. Re6+ Kd5 68. Rb6 Rf3+ 69. Kb2 Rg1 70. Rb5+ Kd4 0-1